personnages marvel - Statistiques

Statistiques générales
  • Ce quiz a été pris 30 fois
  • Le résultat moyen est 16 sur 232
Statistiques - réponses
Réponse % Correct
iron man
89%
spiderman
84%
hulk
74%
captain america
68%
thor
68%
black widow
58%
loki
53%
ant man
42%
groot
37%
hawkeye
37%
vision
37%
black panther
32%
rocket
32%
thanos
32%
bucky
26%
docteur strange
26%
gamora
26%
la guepe
26%
nick fury
26%
star lord
26%
wanda
26%
captain marvel
21%
falcon
21%
magneto
21%
nebula
21%
odin
21%
ultron
21%
wolverine
21%
crane rouge
16%
daredevil
16%
iron fist
16%
la chose
16%
la torche
16%
octopus
16%
quicksilver
16%
red guardian
16%
tante may
16%
cyclope
11%
deadpool
11%
doctor doom
11%
drax
11%
homme sable
11%
jessica jones
11%
le fauve
11%
mantis
11%
mary jane
11%
peggy carter
11%
shang chi
11%
she hulk
11%
tornade
11%
yelena belova
11%
adam warlock
5%
angel
5%
arnim zola
5%
beyonder
5%
black bolt
5%
bouffon vert
5%
carnage
5%
colossus
5%
dormammu
5%
ego
5%
electro
5%
elektra
5%
gorr
5%
happy hogan
5%
harry osborn
5%
hela
5%
iceberg
5%
iron lad
5%
jean grey
5%
jubilee
5%
kraven
5%
l'abomination
5%
le collectionneur
5%
le mandarin
5%
malekith
5%
maria hill
5%
miles morales
5%
miss marvel
5%
mister fantastique
5%
moon knight
5%
mystique
5%
nova
5%
pepper pots
5%
phil coulson
5%
photon
5%
power man
5%
punisher
5%
red hulk
5%
rhino
5%
sentry
5%
sharon carter
5%
shuri
5%
spiderwoman
5%
taskmaster
5%
us agent
5%
vautour
5%
venom
5%
wong
5%
yellowjacket
5%
ajak
0%
aldrich killian
0%
alicia master
0%
america chavez
0%
apocalypse
0%
arishem
0%
azazel
0%
bastion
0%
beta ray bill
0%
betty ross
0%
bishop
0%
black cat
0%
blade
0%
bullseye
0%
cable
0%
cameleon
0%
captain britain
0%
chacal
0%
clea
0%
cloak
0%
cosmo
0%
crossbones
0%
dagger
0%
dazzler
0%
dents de sabre
0%
kingo
0%
docteur vodoo
0%
domino
0%
druig
0%
ebony maw
0%
eros
0%
eternity
0%
femme invisble
0%
fleau
0%
foggy nelson
0%
forge
0%
franklin richards
0%
frigga
0%
galactus
0%
gambit
0%
ghost
0%
ghost rider
0%
gilgamesh
0%
gueule d'or
0%
gwen stacy
0%
hammerhead
0%
havok
0%
herbie
0%
hercule
0%
hobgoglin
0%
howard le canard
0%
hulking
0%
ikaris
0%
ironheart
0%
iron monger
0%
justin hammer
0%
kaescilus
0%
kang
0%
karen paige
0%
khonshu
0%
killmonger
0%
knull
0%
korvac
0%
kragglin
0%
la mort
0%
l'ancien
0%
le caid
0%
le chevalier noir
0%
le createur
0%
legion
0%
le grand maitre
0%
le leader
0%
lezard
0%
l'homme molecule
0%
l'homme taupe
0%
magik
0%
maitre de l'evolution
0%
makkari
0%
malicia
0%
man things
0%
maximus
0%
mayday
0%
mbaku
0%
medusa
0%
mephisto
0%
mister negative
0%
modok
0%
morbius
0%
mordo
0%
mysterio
0%
namor
0%
nightcrawler
0%
omega red
0%
oncle ben
0%
phastos
0%
proffeseur x
0%
psyloche
0%
pyro
0%
quake
0%
samurai d'argent
0%
scarlet spider
0%
scorpion
0%
sersi
0%
shocker
0%
silver sable
0%
solar
0%
speed
0%
spiderman 2099
0%
spiderman noir
0%
sprite
0%
striker
0%
superskrull
0%
surfer d'argent
0%
the hood
0%
thena
0%
tiamut
0%
tombstone
0%
tribunal vivant
0%
tryton
0%
valeria richards
0%
watcher
0%
werewolf
0%
whiplash
0%
white tiger
0%
wiccan
0%
x23
0%
xialing
0%
yondu
0%
zemo
0%
zeus
0%
Aucun quiz correspondant
Distribution des résultats
% des personnes avec chaque résultat
Percentile par nombre de réponses
Votre historique - résultats
Vous n’avez pas pris ce quiz